000 00221 a2200097 4500
001 32855
090 _c22026
_d22026
100 _aRaman,K.V
245 _aMathematics in Chemistry
260 _aNew Delhi
_bVikas publishing house
_c2004
942 _aNUST-CAE
999 _c267928
_d267928